|
|
|
|
| LEADER |
00000nab a2200000uu 4500 |
| 001 |
vtls011507065 |
| 003 |
SK-MaSNL |
| 005 |
20260304030320.0 |
| 008 |
250310|1972 xo |||||||||||||||||cze| |
| 015 |
|
|
|a SNBRB
|
| 035 |
|
|
|a (urnnbn)urn:nbn:sk:snk:ar-a0axat
|
| 035 |
|
|
|a (uuid)2008aba7-2b53-4c00-b689-ab52a1641cf6
|
| 035 |
|
|
|a urn:nbn:sk:snk-abe03r
|
| 040 |
|
|
|a SNKBUCL
|b slo
|c SNKBUCL
|e AACR2
|
| 041 |
0 |
|
|a cze
|
| 044 |
|
|
|a xo
|c SK
|
| 100 |
1 |
|
|a Šnobr, Jan,
|d 1901-1989
|4 aut
|9 109900
|
| 245 |
1 |
0 |
|a Soucit a Vzdor Karla Michla :
|b /k 75. narozeninám 1. I. 1973/
|c Jan Šnobr
|
| 773 |
0 |
|
|t Zlatý máj : kritická revue tvorby pro mládež
|g Roč. 16, č. 10 (1972), s. 661-662
|
| 958 |
|
|
|a OND
|
| 958 |
|
|
|a article20
|
| 999 |
|
|
|c 2633521
|d 2635451
|